[Event "CZE-chT 0102"]
[Site "Czech Republic"]
[Date "2001.11.18"]
[Round "3"]
[White "Jansa, Vlastimil"]
[Black "Smejkal, Jan"]
[Result "1-0"]
[WhiteElo "2490"]
[BlackElo "2509"]
[PlyCount "69"]
[EventDate "2001.10.20"]
[EventType "team-tourn"]
[EventRounds "11"]
[EventCountry "CZE"]
[SourceTitle "EXT 2019"]
[Source "ChessBase"]
[SourceDate "2018.10.10"]
[SourceVersion "1"]
[SourceVersionDate "2018.10.10"]
[SourceQuality "1"]
[WhiteTeam "Praha Dukla"]
[BlackTeam "Praha Holdia"]
[WhiteTeamCountry "CZE"]
[BlackTeamCountry "CZE"]

1. e4 e5 2. Nf3 Nc6 3. Bb5 a6 4. Ba4 Nf6 5. 0-0 Be7 6. Re1 b5 7. Bb3 d6 8. c3 0-0 9. h3 Nb8 10. d4 Nbd7 11. Nbd2 Bb7 12. Bc2 Re8 13. Nf1 Bf8 14. Ng3 g6 15. a4 Bg7 16. Bd3 c6 17. Bg5 Qc7 18. Qd2 Nf8 19. Bf1 Ne6 20. Be3 Rad8 21. Qc2 Nd7 22. Red1 Qb8 23. Rd2 exd4 24. cxd4 b4 25. a5 c5 26. d5 Nef8 27. Bc4 Qc7 28. Qd3 Ra8 29. Bf4 Bc8 30. Re2 Ra7 31. Qb3 f6 32. Qa4 Re7 33. Bxd6 Qxd6 34. Qc6 Qxc6 35. dxc6+ 1-0

[Event "CZE-chT 0001"]
[Site "Czech Republic"]
[Date "2001.03.18"]
[Round "9"]
[White "Jansa, Vlastimil"]
[Black "Smejkal, Jan"]
[Result "1/2-1/2"]
[WhiteElo "2470"]
[BlackElo "2515"]
[PlyCount "40"]
[EventDate "2000.11.19"]
[EventType "team-tourn"]
[EventRounds "11"]
[EventCountry "CZE"]
[SourceTitle "EXT 2019"]
[Source "ChessBase"]
[SourceDate "2018.10.10"]
[SourceVersion "1"]
[SourceVersionDate "2018.10.10"]
[SourceQuality "1"]
[WhiteTeam "Praha Dukla"]
[BlackTeam "Praha Holdia"]
[WhiteTeamCountry "CZE"]
[BlackTeamCountry "CZE"]

1. e4 e5 2. Nf3 Nc6 3. Bb5 a6 4. Ba4 Nf6 5. 0-0 Be7 6. Re1 b5 7. Bb3 d6 8. c3 0-0 9. h3 Nb8 10. d4 Nbd7 11. Nbd2 Bb7 12. Bc2 Re8 13. Nf1 Bf8 14. Ng3 g6 15. a4 Bg7 16. d5 Qb8 17. b3 c6 18. c4 bxc4 19. bxc4 a5 20. Rb1 Qc7 1/2-1/2

[Event "Bundesliga 9900"]
[Site "Germany"]
[Date "2000.02.19"]
[Round "10.3"]
[White "Smejkal, Jan"]
[Black "Khalifman, Alexander"]
[Result "1/2-1/2"]
[WhiteElo "2526"]
[BlackElo "2656"]
[PlyCount "44"]
[EventDate "1999.10.09"]
[EventType "team-tourn"]
[EventRounds "15"]
[EventCountry "GER"]
[SourceTitle "CBM 074 Extra"]
[Source "ChessBase"]
[SourceDate "2000.03.10"]
[SourceVersion "2"]
[SourceVersionDate "2000.03.10"]
[SourceQuality "1"]
[WhiteTeam "Passau"]
[BlackTeam "Koeln Porz"]
[WhiteTeamCountry "GER"]
[BlackTeamCountry "GER"]

1. Nf3 Nf6 2. g3 g6 3. c4 Bg7 4. Bg2 0-0 5. d4 d5 6. cxd5 Nxd5 7. 0-0 Nb6 8. Nc3 Nc6 9. e3 Re8 10. d5 Na5 11. Nd4 Bd7 12. e4 c6 13. Bf4 Bc8 14. Nde2 cxd5 15. exd5 e5 16. Bc1 Nac4 17. b3 Nd6 18. a4 Bg4 19. Ba3 Nbc8 20. h3 Bxe2 21. Qxe2 a6 22. Rfd1 f5 1/2-1/2

[Event "CZE-chT 9900"]
[Site "Czech Republic"]
[Date "2000.01.16"]
[Round "7"]
[White "Oral, Tomas"]
[Black "Smejkal, Jan"]
[Result "1/2-1/2"]
[WhiteElo "2540"]
[BlackElo "2526"]
[PlyCount "75"]
[EventDate "1999.10.23"]
[EventType "team-tourn"]
[EventRounds "11"]
[EventCountry "CZE"]
[SourceTitle "EXT 2019"]
[Source "ChessBase"]
[SourceDate "2018.10.10"]
[SourceVersion "1"]
[SourceVersionDate "2018.10.10"]
[SourceQuality "1"]
[WhiteTeam "Grygov A64 Valoz"]
[BlackTeam "Praha Holdia"]
[WhiteTeamCountry "CZE"]
[BlackTeamCountry "CZE"]

1. e4 e5 2. Nf3 Nc6 3. Bb5 a6 4. Bxc6 dxc6 5. 0-0 f6 6. d4 exd4 7. Nxd4 c5 8. Ne2 Qxd1 9. Rxd1 Bd7 10. Be3 0-0-0 11. Nbc3 Re8 12. Rd2 Bc6 13. Rad1 b6 14. Nf4 Nh6 15. f3 Nf7 16. Nfd5 Kb7 17. b3 Bd6 18. Bf2 Ne5 19. Ne3 c4 20. Ncd5 cxb3 21. cxb3 Bc5 22. Nf5 Bxd5 23. Rxd5 Bxf2+ 24. Kxf2 g6 25. Ne3 Re7 26. h4 a5 27. h5 Rf8 28. g4 c6 29. Rd8 Rxd8 30. Rxd8 b5 31. Rf8 Rf7 32. Rg8 Rd7 33. h6 Rd2+ 34. Kg3 Rd3 35. Kf2 Rd2+ 36. Kg3 Rd3 37. Kf2 Rd2+ 38. Kg3 1/2-1/2

[Event "Bundesliga 9899"]
[Site "Germany"]
[Date "1999.03.21"]
[Round "13.5"]
[White "Koehn, Peter"]
[Black "Smejkal, Jan"]
[Result "0-1"]
[WhiteElo "2350"]
[BlackElo "2525"]
[PlyCount "36"]
[EventDate "1998.10.17"]
[EventType "team-tourn"]
[EventRounds "15"]
[EventCountry "GER"]
[SourceTitle "GER-chT"]
[Source "ChessBase"]
[SourceDate "1999.07.01"]
[SourceVersion "1"]
[SourceVersionDate "1999.07.01"]
[SourceQuality "1"]
[WhiteTeam "Wattenscheid"]
[BlackTeam "Passau"]
[WhiteTeamCountry "GER"]
[BlackTeamCountry "GER"]

1. e4 e5 2. Nf3 Nc6 3. Bb5 a6 4. Ba4 Nf6 5. 0-0 Be7 6. Re1 b5 7. Bb3 d6 8. c3 0-0 9. a3 Be6 10. d4 Bxb3 11. Qxb3 d5 12. dxe5 Nxe4 13. Nbd2 Nc5 14. Qd1 d4 15. cxd4 Nxd4 16. b4 Nd3 17. Re4 Ne6 18. Nf1 Nxe5 0-1

[Event "Bundesliga 9899"]
[Site "Germany"]
[Date "1999.03.20"]
[Round "12.5"]
[White "Smejkal, Jan"]
[Black "Speelman, Jonathan S"]
[Result "1-0"]
[WhiteElo "2525"]
[BlackElo "2601"]
[PlyCount "58"]
[EventDate "1998.10.17"]
[EventType "team-tourn"]
[EventRounds "15"]
[EventCountry "GER"]
[SourceTitle "GER-chT"]
[Source "ChessBase"]
[SourceDate "1999.07.01"]
[SourceVersion "1"]
[SourceVersionDate "1999.07.01"]
[SourceQuality "1"]
[WhiteTeam "Passau"]
[BlackTeam "Solingen"]
[WhiteTeamCountry "GER"]
[BlackTeamCountry "GER"]

1. c4 b6 2. Nc3 Bb7 3. e4 e6 4. g3 f5 5. Bg2 Nf6 6. d3 fxe4 7. Nge2 Nc6 8. Nxe4 Bb4+ 9. Bd2 Bxd2+ 10. Qxd2 0-0 11. 0-0 Rb8 12. d4 Na5 13. Nxf6+ Qxf6 14. Rac1 Bxg2 15. Kxg2 Nc6 16. f4 Ne7 17. Ng1 c5 18. dxc5 bxc5 19. b3 Nf5 20. Nf3 d6 21. Rfe1 h6 22. Re4 Qg6 23. Rce1 Rf6 24. R1e2 Kh7 25. Qe1 Re8 26. h3 e5 27. fxe5 dxe5 28. Rg4 Qf7 29. Rxe5 Rf8 1-0

[Event "Bundesliga 9899"]
[Site "Germany"]
[Date "1999.01.31"]
[Round "9.5"]
[White "Lauber, Arnd"]
[Black "Smejkal, Jan"]
[Result "1/2-1/2"]
[WhiteElo "2418"]
[BlackElo "2525"]
[PlyCount "71"]
[EventDate "1998.10.17"]
[EventType "team-tourn"]
[EventRounds "15"]
[EventCountry "GER"]
[SourceTitle "GER-chT"]
[Source "ChessBase"]
[SourceDate "1999.07.01"]
[SourceVersion "1"]
[SourceVersionDate "1999.07.01"]
[SourceQuality "1"]
[WhiteTeam "Delmenhorst"]
[BlackTeam "Passau"]
[WhiteTeamCountry "GER"]
[BlackTeamCountry "GER"]

1. d4 Nf6 2. c4 g6 3. Nc3 d5 4. cxd5 Nxd5 5. e4 Nxc3 6. bxc3 Bg7 7. Bb5+ c6 8. Ba4 0-0 9. Ne2 c5 10. 0-0 Nc6 11. Be3 Na5 12. Rb1 b6 13. Bb5 Bb7 14. Bd3 cxd4 15. cxd4 e6 16. Qd2 Rc8 17. Rfc1 Qd7 18. f3 Rxc1+ 19. Rxc1 Rc8 20. Rxc8+ Qxc8 21. Qc2 Qxc2 22. Bxc2 Ba6 23. Kf2 Bc4 24. Nc1 Kf8 25. Bd1 Ke7 26. Ke1 Kd7 27. g3 Nc6 28. Bb3 Na5 29. Bd1 Bf8 30. Kd2 Ba3 31. Nb3 Nxb3+ 32. axb3 Bb4+ 33. Kc2 Bf1 34. Bd2 Bxd2 35. Kxd2 Bb5 36. Kc3 1/2-1/2

[Event "Bundesliga 9899"]
[Site "Germany"]
[Date "1998.12.12"]
[Round "5.5"]
[White "Vaganian, Rafael A"]
[Black "Smejkal, Jan"]
[Result "1-0"]
[WhiteElo "2630"]
[BlackElo "2525"]
[PlyCount "73"]
[EventDate "1998.10.17"]
[EventType "team-tourn"]
[EventRounds "15"]
[EventCountry "GER"]
[SourceTitle "GER-chT"]
[Source "ChessBase"]
[SourceDate "1999.07.01"]
[SourceVersion "1"]
[SourceVersionDate "1999.07.01"]
[SourceQuality "1"]
[WhiteTeam "Koeln Porz"]
[BlackTeam "Passau"]
[WhiteTeamCountry "GER"]
[BlackTeamCountry "GER"]

1. d4 Nf6 2. c4 g6 3. g3 Bg7 4. Bg2 d5 5. cxd5 Nxd5 6. e4 Nb6 7. Ne2 c5 8. d5 e6 9. 0-0 0-0 10. Nbc3 exd5 11. exd5 Na6 12. d6 Re8 13. Nf4 Rb8 14. Nfd5 Nxd5 15. Nxd5 Be6 16. Bf4 Bxd5 17. Qxd5 Nb4 18. Qd2 Qd7 19. Rae1 Bf6 20. h4 Nc6 21. Bxc6 Qxc6 22. d7 Rxe1 23. Rxe1 Rd8 24. Qd6 Qxd6 25. Bxd6 h5 26. Re8+ Kg7 27. Bf8+ Kh7 28. Rxd8 Bxd8 29. Kg2 Kg8 30. Bxc5 b6 31. Be3 f6 32. Kf3 Kf7 33. Ke4 Ke6 34. b4 g5 35. g4 gxh4 36. gxh5 f5+ 37. Kf3 1-0

[Event "Bundesliga 9899"]
[Site "Germany"]
[Date "1998.10.17"]
[Round "1.4"]
[White "Boensch, Uwe"]
[Black "Smejkal, Jan"]
[Result "1/2-1/2"]
[WhiteElo "2545"]
[BlackElo "2525"]
[PlyCount "124"]
[EventDate "1998.10.17"]
[EventType "team-tourn"]
[EventRounds "15"]
[EventCountry "GER"]
[SourceTitle "GER-chT"]
[Source "ChessBase"]
[SourceDate "1999.07.01"]
[SourceVersion "1"]
[SourceVersionDate "1999.07.01"]
[SourceQuality "1"]
[WhiteTeam "Dresden"]
[BlackTeam "Passau"]
[WhiteTeamCountry "GER"]
[BlackTeamCountry "GER"]

1. Nf3 Nf6 2. g3 c5 3. Bg2 Nc6 4. 0-0 g6 5. c4 Bg7 6. d4 0-0 7. d5 Na5 8. Qc2 d6 9. e4 e6 10. Nbd2 Re8 11. Re1 a6 12. Rb1 exd5 13. cxd5 Bd7 14. b3 Rc8 15. Bb2 b5 16. Bf1 Qb6 17. h3 Re7 18. Re3 Rce8 19. Rbe1 Bc8 20. Bc3 Nd7 21. Bxg7 Kxg7 22. Nh2 Nb7 23. a3 f6 24. b4 Nd8 25. Qc3 Nf7 26. Bg2 Bb7 27. h4 Rc8 28. Qb2 Rce8 29. Bh3 Bc8 30. Be6 cxb4 31. axb4 Nde5 32. Bxf7 Rxf7 33. Nhf3 Ng4 34. R3e2 Rfe7 35. Qd4 Qd8 36. Rc1 Kg8 37. Rc6 Bb7 38. Rc3 Bc8 39. h5 f5 40. Nh4 Rg7 41. Ndf3 Bd7 42. hxg6 hxg6 43. e5 dxe5 44. Nxe5 Qf6 45. Nhf3 Rge7 46. Nxg4 Qxd4 47. Nxd4 fxg4 48. Rxe7 Rxe7 49. Re3 Kf7 50. Nb3 Bf5 51. Nc5 Ra7 52. d6 a5 53. bxa5 Rxa5 54. Re7+ Kf6 55. Re1 Ra8 56. d7 Kf7 57. Rd1 Ke7 58. Rd4 Rd8 59. Kf1 Bxd7 60. Nxd7 Rxd7 61. Rxg4 Kf6 62. Ke2 Rd5 1/2-1/2

[Event "Kettler Cup CZE-USA"]
[Site "Ceska Trebova"]
[Date "1998.09.19"]
[Round "2"]
[White "Kavalek, Lubomir"]
[Black "Smejkal, Jan"]
[Result "1/2-1/2"]
[WhiteElo "2520"]
[BlackElo "2525"]
[PlyCount "76"]
[EventDate "1998.??.??"]
[EventType "match (rapid)"]
[EventRounds "4"]
[EventCountry "CZE"]
[SourceTitle "EXT 1999"]
[Source "ChessBase"]
[SourceDate "1998.11.16"]
[SourceVersion "1"]
[SourceVersionDate "1998.11.16"]
[SourceQuality "1"]

1. e4 e5 2. Nf3 Nc6 3. Bb5 a6 4. Ba4 Nf6 5. 0-0 Be7 6. Re1 b5 7. Bb3 d6 8. c3 0-0 9. h3 Bb7 10. d4 Re8 11. Nbd2 Bf8 12. d5 Ne7 13. Nf1 h6 14. N3h2 Ng6 15. Ng4 Nxg4 16. Qxg4 Bc8 17. Qg3 Be7 18. a4 Bd7 19. Ne3 Bg5 20. Qf3 Bf4 21. Nf5 Bxc1 22. Rexc1 Nh4 23. Nxh4 Qxh4 24. c4 b4 25. c5 a5 26. cxd6 cxd6 27. Rc7 Qd8 28. Rac1 Rc8 29. Rxc8 Bxc8 30. Bc4 Bd7 31. Bb5 Bxb5 32. axb5 Qb6 33. Qe2 Rb8 34. Qg4 Qxb5 35. Rc8+ Rxc8 36. Qxc8+ Kh7 37. Qf5+ Kg8 38. Qc8+ Kh7 1/2-1/2

[Event "Kettler Cup CZE-USA"]
[Site "Ceska Trebova"]
[Date "1998.09.19"]
[Round "1"]
[White "Seirawan, Yasser"]
[Black "Smejkal, Jan"]
[Result "1-0"]
[WhiteElo "2630"]
[BlackElo "2525"]
[PlyCount "111"]
[EventDate "1998.??.??"]
[EventType "match (rapid)"]
[EventRounds "4"]
[EventCountry "CZE"]
[SourceTitle "EXT 1999"]
[Source "ChessBase"]
[SourceDate "1998.11.16"]
[SourceVersion "1"]
[SourceVersionDate "1998.11.16"]
[SourceQuality "1"]

1. d4 Nf6 2. c4 g6 3. Nc3 d5 4. Nf3 Bg7 5. Bg5 Ne4 6. cxd5 Nxg5 7. Nxg5 e6 8. Nf3 exd5 9. b4 0-0 10. e3 c6 11. Bd3 Bg4 12. 0-0 Nd7 13. h3 Bxf3 14. Qxf3 a5 15. a3 axb4 16. axb4 Qe7 17. Rab1 Ra3 18. Rfc1 b5 19. Bxb5 cxb5 20. Nxb5 Ra4 21. Nc3 Raa8 22. Nxd5 Qd8 23. b5 Rb8 24. Rc6 Nb6 25. Nc7 Qe7 26. Na6 Rb7 27. Rbc1 Rd8 28. Rc7 Rxc7 29. Rxc7 Rd7 30. Qc6 Rxc7 31. Nxc7 Qf6 32. Kf1 Qxc6 33. bxc6 Kf8 34. Nb5 f5 35. f3 Ke7 36. Ke2 Nc8 37. Kd3 Nd6 38. Nc3 Kd8 39. Nd5 Nb5 40. g4 Nc7 41. Nf4 fxg4 42. fxg4 Ke7 43. e4 Kd6 44. d5 Be5 45. Ne2 Nxd5 46. exd5 Kxd5 47. h4 Kxc6 48. Ke4 Bf6 49. g5 Bd8 50. Ke5 Kd7 51. Nd4 Bc7+ 52. Kf6 Bg3 53. Nf3 Ke8 54. Kg7 Ke7 55. Kxh7 Kf7 56. h5 1-0

[Event "Frankfurt Ordix op"]
[Site "Frankfurt"]
[Date "1998.06.21"]
[Round "6"]
[White "Vaganian, Rafael A"]
[Black "Smejkal, Jan"]
[Result "1/2-1/2"]
[WhiteElo "2630"]
[BlackElo "2525"]
[PlyCount "137"]
[EventDate "1998.06.20"]
[EventType "swiss (rapid)"]
[EventRounds "11"]
[EventCountry "GER"]
[SourceTitle "CBM 065 Extra"]
[Source "ChessBase"]
[SourceDate "1998.09.09"]
[SourceVersion "1"]
[SourceVersionDate "1998.09.09"]
[SourceQuality "1"]

1. d4 Nf6 2. c4 g6 3. g3 Bg7 4. Bg2 0-0 5. Nc3 d6 6. Nf3 c6 7. 0-0 Qa5 8. e4 e5 9. h3 Nbd7 10. Re1 exd4 11. Nxd4 Ne5 12. Bf1 Re8 13. Nb3 Qc7 14. f4 Ned7 15. Bg2 Nb6 16. c5 dxc5 17. Nxc5 Nfd7 18. Nd3 Nf8 19. Be3 Nc4 20. Bc1 Be6 21. Kh2 Rad8 22. Qc2 Qa5 23. a4 Qb6 24. e5 Qd4 25. Nf2 Nd2 26. Nfe4 Nb3 27. Ra3 Nxc1 28. Qxc1 a5 29. Nd6 Rxd6 30. Rd1 Bxe5 31. Rxd4 Bxd4 32. Ne4 Rdd8 33. Rd3 Bg7 34. Qd2 Rxd3 35. Qxd3 Bf5 36. g4 Bxe4 37. Bxe4 Bxb2 38. Bf3 Bc1 39. Qc4 Be3 40. Kg3 Ne6 41. f5 Nd4 42. fxg6 hxg6 43. h4 Ne6 44. g5 Ng7 45. Bg4 Bb6 46. Kg2 Be3 47. Qd3 c5 48. Qb5 Re4 49. Bf3 Rxh4 50. Qxa5 Bxg5 51. Qxc5 Ne6 52. Qc8+ Kg7 53. a5 Rb4 54. Qc3+ Rd4 55. Bxb7 Bd2 56. Qb2 Bxa5 57. Bc8 Kg8 58. Qb1 Rd2+ 59. Kf3 Nf8 60. Bb7 Bd8 61. Ba6 Rd6 62. Bc4 Rf6+ 63. Kg2 Kg7 64. Qb2 Bb6 65. Qe5 Bd8 66. Bd5 Bb6 67. Qb2 Bd8 68. Kg3 Bc7+ 69. Kg2 1/2-1/2

[Event "Bundesliga 9798"]
[Site "Germany"]
[Date "1998.02.01"]
[Round "9.3"]
[White "Kunze, Carlo"]
[Black "Smejkal, Jan"]
[Result "1/2-1/2"]
[WhiteElo "2340"]
[BlackElo "2525"]
[PlyCount "97"]
[EventDate "1997.10.18"]
[EventType "team-tourn"]
[EventRounds "15"]
[EventCountry "GER"]
[SourceTitle "GER-chT"]
[Source "ChessBase"]
[SourceDate "1999.07.01"]
[SourceVersion "1"]
[SourceVersionDate "1999.07.01"]
[SourceQuality "1"]
[WhiteTeam "Chemnitz"]
[BlackTeam "Passau"]
[WhiteTeamCountry "GER"]
[BlackTeamCountry "GER"]

1. d4 d6 2. Nf3 Bg4 3. e4 Nf6 4. Nc3 e6 5. Be2 Be7 6. 0-0 c6 7. a4 d5 8. e5 Nfd7 9. Re1 0-0 10. h3 Bh5 11. Bf4 c5 12. Qd2 Nc6 13. dxc5 Nxc5 14. Nd4 Bg6 15. Nxc6 bxc6 16. b4 Nd7 17. Rab1 c5 18. b5 d4 19. Nd1 Nb6 20. Nb2 Rc8 21. Bc4 Nxc4 22. Nxc4 Qd5 23. Na5 c4 24. Nc6 Bc5 25. Rbd1 Rxc6 26. bxc6 c3 27. Qe2 Qxc6 28. Qc4 Rc8 29. Rc1 h6 30. Kh2 Bb6 31. Qe2 Qxa4 32. Qg4 Kf8 33. Re2 Rc4 34. g3 Rc8 35. h4 h5 36. Qh3 d3 37. cxd3 Bxd3 38. Rd2 Qd7 39. Rdd1 c2 40. Rd2 Ba5 41. g4 Bxd2 42. Bxd2 Bf5 43. Bb4+ Kg8 44. gxf5 Qd4 45. fxe6 Qxf2+ 46. Kh1 fxe6 47. Qxe6+ Kh7 48. Qxc8 Qf3+ 49. Kg1 1/2-1/2

[Event "Pribram Cup"]
[Site "Pribram"]
[Date "1998.??.??"]
[Round "?"]
[White "Smejkal, Jan"]
[Black "Saljova, Silvie"]
[Result "1-0"]
[WhiteElo "2525"]
[BlackElo "2225"]
[PlyCount "53"]
[EventDate "1998.11.??"]
[EventType "team-tourn (rapid)"]
[EventRounds "9"]
[EventCountry "CZE"]
[SourceTitle "EXT 2000"]
[Source "ChessBase"]
[SourceDate "1999.11.16"]
[SourceVersion "1"]
[SourceVersionDate "1999.11.16"]
[SourceQuality "1"]

1. c4 Nf6 2. Nc3 c6 3. d4 d5 4. e3 e6 5. Nf3 Nbd7 6. Qc2 Bd6 7. Bd3 0-0 8. 0-0 dxc4 9. Bxc4 e5 10. h3 exd4 11. exd4 Nb6 12. Bb3 Qc7 13. Bd2 Bf4 14. Rac1 Bxd2 15. Qxd2 Qd6 16. Rfe1 h6 17. Re5 Rd8 18. Rce1 Nbd5 19. Bxd5 cxd5 20. Qf4 Be6 21. Nh4 Nd7 22. Nf5 Qf8 23. Rxe6 fxe6 24. Rxe6 Re8 25. Rg6 Kh8 26. Rxg7 Qf6 27. Rxd7 1-0

[Event "Franfurt CC Ordix"]
[Site "Frankfurt"]
[Date "1997.??.??"]
[Round "5"]
[White "Dautov, Rustem"]
[Black "Smejkal, Jan"]
[Result "1/2-1/2"]
[WhiteElo "2590"]
[BlackElo "2505"]
[PlyCount "61"]
[EventDate "1997.??.??"]
[EventType "swiss (rapid)"]
[EventRounds "11"]
[EventCountry "GER"]
[SourceTitle "EXT 1998"]
[Source "ChessBase"]
[SourceDate "1997.11.17"]
[SourceVersion "1"]
[SourceVersionDate "1997.11.17"]
[SourceQuality "1"]

1. d4 Nf6 2. Nf3 g6 3. c4 Bg7 4. Nc3 d5 5. cxd5 Nxd5 6. e4 Nxc3 7. bxc3 c5 8. Be3 Qa5 9. Qd2 Nc6 10. Rb1 0-0 11. Rb5 cxd4 12. Rxa5 dxe3 13. Qxe3 Nxa5 14. Nd4 Bd7 15. Be2 Rfc8 16. 0-0 Nc4 17. Qg5 Bf6 18. Qd5 Nb6 19. Qa5 e6 20. e5 Be7 21. f4 Nc4 22. Bxc4 Rxc4 23. Rb1 b6 24. Qa6 Rxc3 25. Qb7 Rd8 26. Nb3 a5 27. Rd1 a4 28. Rxd7 Rxd7 29. Qxd7 axb3 30. Qxe7 b2 31. Qd8+ 1/2-1/2

[Event "CZE-chT 9697"]
[Site "Czech Republic"]
[Date "1997.??.??"]
[Round "7"]
[White "Hracek, Zbynek"]
[Black "Smejkal, Jan"]
[Result "1/2-1/2"]
[WhiteElo "2630"]
[BlackElo "2505"]
[PlyCount "105"]
[EventDate "1996.??.??"]
[EventType "team-tourn"]
[EventRounds "11"]
[EventCountry "CZE"]
[SourceTitle "EXT 2019"]
[Source "ChessBase"]
[SourceDate "2018.10.10"]
[SourceVersion "1"]
[SourceVersionDate "2018.10.10"]
[SourceQuality "1"]
[WhiteTeam "Praha Dukla"]
[BlackTeam "Praha Mladi"]
[WhiteTeamCountry "CZE"]
[BlackTeamCountry "CZE"]

1. e4 e5 2. Nf3 Nc6 3. Bb5 a6 4. Ba4 Nf6 5. 0-0 Be7 6. Re1 b5 7. Bb3 d6 8. c3 0-0 9. h3 Nb8 10. d4 Nbd7 11. Nbd2 Bb7 12. Bc2 Re8 13. a4 Bf8 14. Bd3 c6 15. Nf1 g6 16. Ng3 Bg7 17. Bg5 h6 18. Bd2 Qc7 19. Qc1 Kh7 20. h4 Nb6 21. b3 bxa4 22. bxa4 a5 23. h5 c5 24. Bb5 Re7 25. dxe5 dxe5 26. c4 Nbd7 27. Bc3 Nf8 28. Qb2 Ng4 29. Qe2 Ne6 30. Ng5+ Nxg5 31. Qxg4 Bc8 32. Qd1 Ne6 33. Nf1 Bb7 34. Qg4 Nf4 35. Ng3 Bc8 36. Qd1 Bb7 37. Ra2 Ne6 38. Qg4 Nd4 39. Nf1 Bc8 40. Qd1 Bb7 41. Qg4 Re6 42. Ne3 gxh5 43. Qxh5 Bxe4 44. Nd5 Bxd5 45. cxd5 Nxb5 46. axb5 Rg6 47. Bxe5 Bxe5 48. Rxe5 c4 49. Qe2 Rag8 50. g3 Qc5 51. Kh2 Qxb5 52. d6 Qc6 53. Raxa5 1/2-1/2

[Event "Kettler Cup rap"]
[Site "Ceska Trebova"]
[Date "1997.??.??"]
[Round "6"]
[White "Kavalek, Lubomir"]
[Black "Smejkal, Jan"]
[Result "1/2-1/2"]
[WhiteElo "2525"]
[BlackElo "2505"]
[PlyCount "70"]
[EventDate "1997.??.??"]
[EventType "tourn (rapid)"]
[EventRounds "6"]
[EventCountry "CZE"]
[SourceTitle "EXT 1998"]
[Source "ChessBase"]
[SourceDate "1997.11.17"]
[SourceVersion "1"]
[SourceVersionDate "1997.11.17"]
[SourceQuality "1"]

1. e4 e5 2. Nf3 Nc6 3. Bb5 a6 4. Ba4 Nf6 5. 0-0 Be7 6. Re1 b5 7. Bb3 d6 8. c3 0-0 9. a4 Bg4 10. d3 Na5 11. Bc2 b4 12. Nbd2 Rb8 13. d4 c5 14. d5 c4 15. h3 b3 16. Bb1 Bxf3 17. Nxf3 Nd7 18. Be3 Rc8 19. g3 Nc5 20. h4 Qd7 21. Qe2 Qg4 22. Kg2 Bd8 23. Bd2 Bb6 24. Qf1 Nd7 25. Nh2 Qh5 26. f3 Rc7 27. Qe2 Re8 28. Ng4 Kh8 29. Rh1 f6 30. Ne3 Bxe3 31. Bxe3 Nc5 32. Qf2 Rf8 33. Re1 Re8 34. Rh1 Rf8 35. Re1 Re8 1/2-1/2

[Event "Kettler Cup rap"]
[Site "Ceska Trebova"]
[Date "1997.??.??"]
[Round "1"]
[White "Kortschnoj, Viktor Lvovich"]
[Black "Smejkal, Jan"]
[Result "1-0"]
[WhiteElo "2635"]
[BlackElo "2505"]
[PlyCount "67"]
[EventDate "1997.??.??"]
[EventType "tourn (rapid)"]
[EventRounds "6"]
[EventCountry "CZE"]
[SourceTitle "EXT 1998"]
[Source "ChessBase"]
[SourceDate "1997.11.17"]
[SourceVersion "1"]
[SourceVersionDate "1997.11.17"]
[SourceQuality "1"]

1. Nf3 Nf6 2. c4 c5 3. Nc3 Nc6 4. d4 cxd4 5. Nxd4 g6 6. e4 d6 7. Be2 Nxd4 8. Qxd4 Bg7 9. Bg5 0-0 10. Qd2 Qa5 11. f3 Bd7 12. Rc1 Rfc8 13. b3 a6 14. Bxf6 Bxf6 15. Nd5 Qc5 16. b4 Qa7 17. c5 Be6 18. Nxf6+ exf6 19. Qxd6 Rc6 20. Qe7 Bxa2 21. 0-0 b6 22. Qxa7 Rxa7 23. Bxa6 bxc5 24. b5 Rcxa6 25. bxa6 c4 26. Ra1 Bb3 27. Ra5 Kf8 28. Rfa1 Ke7 29. Rd5 Ke6 30. g4 c3 31. Rd3 Bc4 32. Rxc3 Rxa6 33. Rxa6+ Bxa6 34. Rc6+ 1-0

[Event "CZE-chT 9697"]
[Site "Czech Republic"]
[Date "1997.??.??"]
[Round "8"]
[White "Rasik, Vitezslav"]
[Black "Smejkal, Jan"]
[Result "1/2-1/2"]
[WhiteElo "2455"]
[BlackElo "2505"]
[PlyCount "37"]
[EventDate "1996.??.??"]
[EventType "team-tourn"]
[EventRounds "11"]
[EventCountry "CZE"]
[SourceTitle "EXT 2019"]
[Source "ChessBase"]
[SourceDate "2018.10.10"]
[SourceVersion "1"]
[SourceVersionDate "2018.10.10"]
[SourceQuality "1"]
[WhiteTeam "Ostrava Labortech"]
[BlackTeam "Praha Mladi"]
[WhiteTeamCountry "CZE"]
[BlackTeamCountry "CZE"]

1. e4 e5 2. Nf3 Nc6 3. Bb5 a6 4. Bxc6 dxc6 5. Nc3 Qd6 6. d4 exd4 7. Nxd4 Bd7 8. Be3 0-0-0 9. Qh5 Nf6 10. Qxf7 Ng4 11. 0-0-0 Nxe3 12. fxe3 Qg6 13. Qxg6 hxg6 14. e5 Re8 15. Nf3 Bc5 16. Rd3 Bf5 17. e4 Bg4 18. Ne1 Rxe5 19. h3 1/2-1/2

[Event "Bundesliga 9697"]
[Site "Germany"]
[Date "1997.??.??"]
[Round "?.2"]
[White "Smejkal, Jan"]
[Black "Slobodjan, Roman"]
[Result "1/2-1/2"]
[WhiteElo "2505"]
[BlackElo "2520"]
[PlyCount "44"]
[EventDate "1996.10.12"]
[EventType "team-tourn"]
[EventRounds "15"]
[EventCountry "GER"]
[SourceTitle "GER-chT"]
[Source "ChessBase"]
[SourceDate "1999.07.01"]
[SourceVersion "1"]
[SourceVersionDate "1999.07.01"]
[SourceQuality "1"]
[WhiteTeam "Passau"]
[BlackTeam "Magdeburg"]
[WhiteTeamCountry "GER"]
[BlackTeamCountry "GER"]

1. c4 e5 2. g3 Nc6 3. Bg2 d6 4. Nc3 g6 5. Rb1 h5 6. h4 Nf6 7. b4 Bg7 8. d3 0-0 9. Nf3 Nd4 10. Nxd4 exd4 11. Nd5 c6 12. Nxf6+ Bxf6 13. 0-0 Re8 14. Re1 Bg7 15. Bf4 Be5 16. Qd2 Qc7 17. a4 Bg4 18. a5 a6 19. Bg5 Bg7 20. Bf4 Be5 21. Bg5 Bg7 22. Bf4 Be5 1/2-1/2